000 01536nam a2200361Ia 4500
001 ebr10279392
003 CaPaEBR
006 m u
007 cr cn|||||||||
008 931101s1992 nyu sb 001 0 eng d
010 _z 91008513
020 _z0195065921 (alk. paper)
020 _z9780195065923
040 _aCaPaEBR
_cCaPaEBR
035 _a(OCoLC)72706569
050 1 4 _aPS173.E8
_bN45 1992eb
082 0 4 _a810.9/355
_220
100 1 _aNelson, Dana D.
245 1 4 _aThe word in black and white
_h[electronic resource] :
_breading "race" in American literature, 1638-1867 /
_cDana D. Nelson.
260 _aNew York :
_bOxford University Press,
_cc1992.
300 _axvi, 189 p.
504 _aIncludes bibliographical references (p. 169-184) and index.
533 _aElectronic reproduction.
_bPalo Alto, Calif. :
_cebrary,
_d2009.
_nAvailable via World Wide Web.
_nAccess may be limited to ebrary affiliated libraries.
650 0 _aAmerican literature
_xWhite authors
_xHistory and criticism.
650 0 _aAmerican literature
_y1783-1850
_xHistory and criticism.
650 0 _aAmerican literature
_y19th century
_xHistory and criticism.
650 0 _aAmerican literature
_yColonial period, ca. 1600-1775
_xHistory and criticism.
650 0 _aMinorities in literature.
650 0 _aRace in literature.
655 7 _aElectronic books.
_2local
710 2 _aebrary, Inc.
856 4 0 _uhttp://site.ebrary.com/lib/rucke/Doc?id=10279392
_zAn electronic book accessible through the World Wide Web; click to view
999 _c3945
_d3945